000
00280 a2200145 4500
001
61324
020
_a
040
_c
Anchieta - Pituba
100
_a
Tavares, Odorico
240
1
0
_a
Bahia
_l
por
245
1
0
_a
Bahia
300
_a
130
650
4
_a
Poesia brasileira
942
_c
BK
999
_c
61324
_d
61324